| 000 | 00833cam a2200277 i 4500 | ||
|---|---|---|---|
| 942 | _cBK | ||
| 999 |
_c454 _d454 |
||
| 001 | 18025513 | ||
| 003 | OSt | ||
| 005 | 20250420134811.0 | ||
| 008 | 140131s2015 nyu 001 0 eng | ||
| 010 | _a 2014002227 | ||
| 020 | _a9780415818056 (pbk. : alk. paper) | ||
| 040 |
_aDLC _beng _erda _cKCST |
||
| 042 | _apcc | ||
| 050 | 0 | 0 |
_aQA76.73.P224 _bP37 2015 |
| 082 | 0 | 0 |
_a006.76 _223 |
| 100 | 1 |
_aPaper, David. _94563 |
|
| 245 | 1 | 0 |
_aWeb programming for business : _bPHP object-oriented programming with Oracle / _cDavid Paper. |
| 260 |
_aNew York : _bRoutledge Taylor & Francis Group, _c2015. |
||
| 300 |
_axv, 263 pages ; _c26 cm |
||
| 500 | _aIncludes index. | ||
| 630 | 0 | 0 |
_aOracle (Computer file) _94565 |
| 650 | 0 |
_aPHP (Computer program language) _94564 |
|
| 650 | 0 |
_aWeb sites _xDesign. _9876 |
|
| 942 | _2ddc | ||